[Event "8th Parsvnath Open"]
[Site "New Delhi IND"]
[Date "2010.01.17"]
[Round "6"]
[White "Jumabayev,R"]
[Black "Mehar,C"]
[Result "1-0"]
[WhiteElo "2536"]
[BlackElo "2258"]

1.d4 d5 2.c4 c6 3.Nf3 Nf6 4.Nc3 e6 5.e3 Nbd7 6.Qc2 Bd6 7.Bd3 O-O 8.O-O dxc4
9.Bxc4 a6 10.Rd1 b5 11.Bf1 Qc7 12.Bd2 Bb7 13.b4 e5 14.a3 exd4 15.exd4 c5
16.bxc5 Bxf3 17.gxf3 Bxh2+ 18.Kg2 Bf4 19.Bd3 Bxd2 20.Qxd2 Rfd8 21.Qg5 Nf8
22.Qg3 Qc8 23.Rac1 Ne6 24.Bf5 Nh5 25.Qg5 Nef4+ 26.Kf1 Qc7 27.Be4 Rac8 28.Ne2 Nxe2
29.Kxe2 Nf6 30.Qh4 Re8 31.d5 Nxe4 32.fxe4 f5 33.d6 Qd7 34.Kf1 Rxe4 35.Qg3 Rc4
36.Qe5 R4xc5 37.Qxc5 Rxc5 38.Rxc5 f4 39.Rd3 h6 40.Rc7 Qf5 41.Ke2 f3+ 42.Kd2 Qf4+
43.Kc2 Kh7 44.Rcc3 Qa4+ 45.Kd2 Qf4+ 46.Kd1 Qa4+ 47.Kc1 b4 48.axb4 Qa1+ 49.Kc2 Qa2+
50.Kc1 Qxf2 51.Rd1 Qh4 52.Rxf3 Qc4+ 53.Kd2 Qxb4+ 54.Ke3 Qc3+ 55.Ke4 Qc4+
56.Rd4 Qe6+ 57.Kd3 Qb3+ 58.Ke2 Qc2+ 59.Ke3 Qc3+ 60.Ke4 Qc6+ 61.Kf4 Qc1+ 62.Re3 Qf1+
63.Rf3 Qc1+ 64.Ke5 Qg5+ 65.Ke6 Qg6+ 66.Kd7 Qh5 67.Rff4 Qb5+ 68.Ke7 Qe5+ 69.Kf8 Qc5
70.Kf7 Qh5+ 71.Kf8 Qc5 72.Rfe4 Qf5+ 73.Ke7 Qc5 74.Ke6 Qc6 75.Ke5 Qd7 76.Kf4 Qf7+
77.Ke3 Qd7 78.Rd5 Qa7+ 79.Kd3 Qb7 80.Red4 Qb3+ 81.Ke4 Qc2+ 82.Rd3 Qe2+ 83.Kd4 Qb2+
84.Kc4 Qc2+ 85.Kb4 a5+ 86.Kb5 Qc8 87.d7 Qb7+ 88.Kxa5 Qa7+ 89.Kb4 Qb6+ 90.Rb5 Qd8
91.Rd4 Qe7+ 92.Rc5 Qd8 93.Kc4 Qg8+ 94.Rdd5 Qd8 95.Kd3  1-0

[Event "ch-POL"]
[Site "Warsaw POL"]
[Date "2010.01.17"]
[Round "9"]
[White "Kempinski,R"]
[Black "Miton,K"]
[Result "1/2-1/2"]
[WhiteElo "2617"]
[BlackElo "2586"]

1.d4 d5 2.c4 c6 3.e3 Nf6 4.Nc3 e6 5.Nf3 Nbd7 6.Bd3 dxc4 7.Bxc4 b5 8.Bd3 Bb7
9.O-O b4 10.Ne4 Nxe4 11.Bxe4 Bd6 12.a3 a5 13.axb4 axb4 14.Rxa8 Qxa8 15.Nd2 O-O
16.Qc2 h6 17.b3 c5 18.Bxb7 Qxb7 19.Ne4 Be7 20.dxc5 Nxc5 21.Nxc5 Qc6 22.Bd2 Qxc5
23.Qxc5 Bxc5 24.Rc1 Rd8 25.Be1 Bf8 26.Kf1 Ra8 27.Rc4 Ra3 28.Bxb4 Rxb3 29.Bxf8 Kxf8
30.g3 Ke7  1/2-1/2

[Event "Vanderley Cason Melo Mem"]
[Site "Campinas BRA"]
[Date "2010.01.18"]
[Round "4"]
[White "Mareco,S"]
[Black "Stamenkovic,Dr"]
[Result "1-0"]
[WhiteElo "2526"]
[BlackElo "2394"]

1.d4 d5 2.c4 c6 3.Nf3 Nf6 4.Nc3 e6 5.e3 Nbd7 6.Qc2 Bd6 7.Bd3 dxc4 8.Bxc4 b5
9.Be2 Bb7 10.O-O O-O 11.Rd1 Qe7 12.e4 e5 13.dxe5 Nxe5 14.Nd4 Bc5 15.Nf5 Qe6
16.Bf4 Rac8 17.Bg3 Rfe8 18.a3 a5 19.Rab1 Nc4 20.Na4 Bf8 21.Bxc4 bxc4 22.f3 Rcd8
23.Nd4 Qe7 24.Qxc4 Nh5 25.Nf5 Qg5 26.Bh4 Rxd1+ 27.Rxd1 Qf4 28.Rd7 Ba6 29.Qxa6 g6
30.Qc4  1-0

[Event "IMB2"]
[Site "Marianske Lazne CZE"]
[Date "2010.01.18"]
[Round "3"]
[White "Plischki,S"]
[Black "Antipov,M2"]
[Result "1-0"]
[WhiteElo "2364"]
[BlackElo "2194"]

1.d4 d5 2.c4 c6 3.Nf3 Nf6 4.Nc3 e6 5.e3 Nbd7 6.Qc2 Bd6 7.Be2 dxc4 8.Bxc4 b5
9.Bd3 Bb7 10.O-O O-O 11.e4 e5 12.Rd1 Qc7 13.h3 Rad8 14.Bg5 exd4 15.Nxd4 h6
16.Be3 Bh2+ 17.Kh1 Bf4 18.Nf5 Bxe3 19.Nxe3 a6 20.a4 Qb8 21.Bf1 Rfe8 22.f3 Qf4
23.Nf5 Nf8 24.Ne2 Qb8 25.Ned4 g6 26.Nxh6+ Kg7 27.Ng4 Nxg4 28.hxg4 Nh7 29.Qc3 f6
30.Nxc6 Bxc6 31.Qxc6 Ng5 32.Rd7+ Rxd7 33.Qxd7+ Nf7 34.Qd4 Qg3 35.Rc1 Rh8+
36.Kg1 Rh2 37.Rc6 Ne5 38.Qa7+ Kh6 39.Qe3+ Kg7 40.Rc7+ Kh8 41.Rc8+ Kg7 42.Qa7+ Nf7
43.Qc7 Qxc7 44.Rxc7 Rh8 45.axb5 axb5 46.Bxb5 Rb8 47.Bc4 Rxb2 48.Rxf7+ Kh6
49.Rxf6 Kg5 50.e5 Rc2 51.Rxg6+ Kh4 52.Bf1  1-0

[Event "8th Parsvnath Open"]
[Site "New Delhi IND"]
[Date "2010.01.19"]
[Round "8"]
[White "Swapan Kr,D"]
[Black "Prasenjit,Dat"]
[Result "1-0"]
[WhiteElo "1677"]
[BlackElo "2278"]

1.d4 d5 2.c4 c6 3.Nc3 Nf6 4.e3 e6 5.Nf3 Nbd7 6.Qc2 Bd6 7.Bd3 dxc4 8.Bxc4 b5
9.Be2 Bb7 10.O-O O-O 11.Rd1 Qc7 12.Bd2 a6 13.b4 e5 14.a3 Rfe8 15.Bd3 g6 16.Rac1 Rac8
17.h3 c5 18.bxc5 e4 19.cxd6 Qxd6 20.Nxe4 Nxe4 21.Qb2 Nxd2 22.Nxd2 Nb6 23.Rxc8 Rxc8
24.Rc1 Re8 25.e4 Na4 26.Qb4 Qxb4 27.axb4 Nb2 28.Bb1 Rc8 29.Rxc8+ Bxc8 30.f3 Nd1
31.Kf1 Nc3 32.Kf2 Kg7 33.Ke3 Kh6 34.Kd3 Na4 35.Bc2 Nb6 36.Bb3 f6 37.Ke3 Kg7
38.h4 Kf8 39.Nb1 Ke7 40.Nc3 h6 41.f4 Bd7 42.e5 fxe5 43.fxe5 Na4 44.Nd5+ Kd8
45.Nf6 Nb6 46.d5  1-0

[Event "Open C"]
[Site "Marianske Lazne CZE"]
[Date "2010.01.21"]
[Round "7"]
[White "Panos,J"]
[Black "Steinhauserova,A"]
[Result "0-1"]
[WhiteElo "1911"]
[BlackElo "1795"]

1.d4 d5 2.Nf3 Nf6 3.c4 c6 4.Nc3 e6 5.e3 Bd6 6.Be2 O-O 7.O-O Nbd7 8.Qc2 a6
9.b3 Re8 10.Bb2 Bc7 11.Bd3 dxc4 12.bxc4 c5 13.Ng5 h6 14.Bh7+ Kf8 15.Nge4 Nxh7
16.d5 Ng5 17.d6 Bb8 18.Rad1 b6 19.Nxg5 Qxg5 20.Qh7 f6 21.Qe4 Ra7 22.f4 Qf5
23.Qf3 Bb7 24.e4 Qg6 25.Qe2 Kg8 26.Rf3 e5 27.Rg3 Qf7 28.f5 Rd8 29.Qd2 Kf8
30.Qe2 Bc6 31.a4 Rb7 32.h4 Ba7 33.Rh3 b5 34.axb5 axb5 35.cxb5 c4+ 36.Kh2 Bxb5
37.g4 Nc5 38.Rd5 Bc6 39.Rd2 Nd3 40.Rhxd3 cxd3 41.Qxd3 Qb3 42.g5 Bd4 43.gxf6 gxf6
44.Rc2 Rxd6 45.Qd2 Bg1+  0-1

[Event "Vanderley Cason Melo Mem"]
[Site "Campinas BRA"]
[Date "2010.01.22"]
[Round "10"]
[White "De Nucci,G"]
[Black "Stamenkovic,Dr"]
[Result "0-1"]
[WhiteElo "2073"]
[BlackElo "2394"]

1.d4 Nf6 2.c4 e6 3.Nf3 d5 4.Nc3 c6 5.e3 Nbd7 6.b3 Bb4 7.Bd2 Qe7 8.Be2 O-O
9.O-O b6 10.Nb1 Bd6 11.Bc3 Bb7 12.Nbd2 c5 13.Bb2 Rfd8 14.cxd5 exd5 15.Rc1 Ne4
16.Bd3 f5 17.Qe2 a6 18.Rfd1 Re8 19.Nf1 Qf8 20.dxc5 bxc5 21.Qc2 Ndf6 22.Ng3 Ng4
23.Rf1 Qf7 24.Bxe4 fxe4 25.Ng5 Qg6 26.Nh3 Rf8 27.Rcd1 Qh6 28.Qe2 Qh4 29.Nxe4 Bxh2+
30.Kh1 dxe4 31.Rd7 Be5 32.Rxb7 Rf3  0-1

[Event "Vanderley Cason Melo Mem"]
[Site "Campinas BRA"]
[Date "2010.01.23"]
[Round "12"]
[White "Name,G"]
[Black "Stamenkovic,Dr"]
[Result "0-1"]
[WhiteElo "2170"]
[BlackElo "2394"]

1.d4 Nf6 2.c4 e6 3.Nc3 d5 4.Nf3 c6 5.e3 Nbd7 6.Qc2 Bd6 7.Bd3 dxc4 8.Bxc4 b5
9.Bd3 Bb7 10.O-O O-O 11.Rd1 Qc7 12.h3 a6 13.a4 Rac8 14.Ng5 h6 15.Nge4 Be7
16.Nxf6+ Nxf6 17.Qb1 e5 18.dxe5 Qxe5 19.Ne2 Bd6 20.f4 Qc5 21.Kh1 Qh5 22.Bd2 c5
23.Kg1 c4 24.Bf5 Qxe2  0-1

[Event "Vanderley Cason Melo Mem"]
[Site "Campinas BRA"]
[Date "2010.01.24"]
[Round "13"]
[White "Stamenkovic,Dr"]
[Black "Matsuura,E"]
[Result "0-1"]
[WhiteElo "2394"]
[BlackElo "2467"]

1.d4 d5 2.c4 e6 3.Nc3 c6 4.e3 Nf6 5.Nf3 Nbd7 6.Qc2 Bd6 7.Be2 dxc4 8.Bxc4 O-O
9.O-O Qe7 10.Be2 Re8 11.Rd1 e5 12.dxe5 Nxe5 13.Nd4 Bb8 14.Bd2 Nfg4 15.h3 Nf6
16.Be1 c5 17.Nf5 Qe6 18.Ng3 b6 19.Nce4 Bb7 20.Nxf6+ Qxf6 21.Qf5 Qc6 22.e4 Bc7
23.f4 Bc8 24.Qh5 Ng6 25.Bc4 Be6 26.Bxe6 fxe6 27.f5 exf5 28.Nxf5 Rxe4 29.Bc3 Be5
30.Ne7+ Nxe7 31.Bxe5 Qg6 32.Qxg6 Nxg6 33.Bc3 Rae8 34.Rd7 R4e7 35.Rad1 Nf4
36.Kf2 Kf7 37.R1d2 g6 38.a4 Rxd7 39.Rxd7+ Re7 40.Rd6 Ne6 41.h4 Rb7 42.Ke3 Ke7
43.Rd2 Rd7 44.Rxd7+ Kxd7 45.Ke4 Kd6 46.Be5+ Kc6 47.Bc3 c4 48.a5 b5 49.Ke5 Nc5
50.g4 a6 51.h5 gxh5 52.gxh5 Na4 53.Bd4 b4 54.Kf6 b3 55.Kg7 Kd5 56.Kxh7 Kxd4
57.h6 c3 58.bxc3+ Nxc3 59.Kg8 Ne4  0-1

[Event "70th ch-ARM"]
[Site "Yerevan ARM"]
[Date "2010.01.27"]
[Round "6"]
[White "Grigoryan,Av"]
[Black "Hovhannisyan,R"]
[Result "1-0"]
[WhiteElo "2534"]
[BlackElo "2473"]

1.d4 d5 2.c4 c6 3.Nc3 Nf6 4.e3 e6 5.Nf3 Nbd7 6.Bd3 dxc4 7.Bxc4 b5 8.Bd3 b4
9.Ne4 Be7 10.Nxf6+ Nxf6 11.Qe2 Bb7 12.e4 c5 13.Bb5+ Kf8 14.e5 Nd5 15.dxc5 Bxc5
16.O-O h6 17.Bd2 Qb6 18.Rac1 Rc8 19.Bd3 g6 20.h4 Kg7 21.Rc4 Ba6 22.Rg4 Bxd3
23.Qxd3 Rcd8 24.Qe2 Ne7 25.h5 g5 26.Qe4 Nf5 27.Bxb4 Bxb4 28.Qxb4 Qxb4 29.Rxb4 Rb8
30.Rxb8 Rxb8 31.b3 Rd8 32.g3 Nd4 33.Nh2 Nc6 34.Ng4 Rd2 35.Rc1 Nd4 36.Rc4 Nf3+
37.Kg2 Ne1+ 38.Kf1 Nf3 39.Rc3 Nd4 40.Nf6 Rd1+ 41.Kg2 Re1 42.Ng4 Rg1+ 43.Kxg1 Ne2+
44.Kf1 Nxc3 45.a4 Na2 46.Ke2 Nc1+ 47.Kd2 Nxb3+ 48.Kc3 Nc5 49.Kb4 Nd3+ 50.Kb5 Kf8
51.a5 Ke7 52.Kc4 Nb2+ 53.Kd4 Nd1 54.Kd3 Nb2+ 55.Kc3 Na4+ 56.Kd4 Nb2 57.Nxh6 f5
58.Nxf5+  1-0

[Event "8th Gibtelecom Masters"]
[Site "Caleta ENG"]
[Date "2010.01.28"]
[Round "3"]
[White "Camus de Solliers,G"]
[Black "Bhat,V"]
[Result "1/2-1/2"]
[WhiteElo "2356"]
[BlackElo "2540"]

1.d4 d5 2.c4 c6 3.Nc3 Nf6 4.e3 e6 5.Nf3 a6 6.b3 Bb4 7.Bd2 Nbd7 8.Bd3 O-O
9.O-O Bd6 10.Rc1 Re8 11.Qc2 h6 12.Rfe1 c5 13.cxd5 exd5 14.e4 dxe4 15.Nxe4 Nxe4
16.Bxe4 cxd4 17.Bh7+ Kh8 18.Rxe8+ Qxe8 19.Re1 Qd8 20.Bf5 Nf6 21.Nxd4 Bf8
22.Bc3 Bxf5 23.Nxf5 a5 24.Rd1 Qb6 25.Qb2 Qe6 26.Bxf6  1/2-1/2

[Event "8th Gibtelecom Masters"]
[Site "Caleta ENG"]
[Date "2010.01.28"]
[Round "3"]
[White "Malakhatko,V"]
[Black "Cori T.,D"]
[Result "1-0"]
[WhiteElo "2549"]
[BlackElo "2412"]

1.c4 Nf6 2.Nc3 e6 3.Nf3 d5 4.d4 c6 5.e3 Nbd7 6.Qc2 Be7 7.Bd3 dxc4 8.Bxc4 b5
9.Bd3 a6 10.e4 Bb7 11.e5 Nd5 12.Nxd5 cxd5 13.h4 Rc8 14.Qe2 h6 15.h5 Nb8 16.O-O Nc6
17.Be3 Nb4 18.Bb1 Qb6 19.Ne1 Kd7 20.f4 Kc7 21.f5 Kb8 22.fxe6 fxe6 23.Qg4 Bg5
24.Bxg5 hxg5 25.Nf3 Rhf8 26.Bg6 Nc6 27.Rad1 Rf4 28.Qxe6 g4 29.Qd6+ Ka7 30.e6 Rcf8
31.Bf7 R8xf7 32.exf7 Rxf7 33.Ne5 Nxe5 34.Qxe5 Rc7 35.Rf4  1-0

[Event "70th ch-ARM"]
[Site "Yerevan ARM"]
[Date "2010.01.28"]
[Round "7"]
[White "Melkumyan,H"]
[Black "Andriasian,Z"]
[Result "1/2-1/2"]
[WhiteElo "2583"]
[BlackElo "2613"]

1.d4 d5 2.c4 c6 3.Nc3 Nf6 4.e3 e6 5.Nf3 Nbd7 6.Qc2 Bd6 7.Bd3 dxc4 8.Bxc4 O-O
9.O-O a6 10.Rd1 b5 11.Bf1 Qc7 12.e4 e5 13.h3 Re8 14.g3 Bb7 15.Bg2 c5 16.dxe5 Nxe5
17.Bg5 Nxf3+ 18.Bxf3 Be5 19.Bxf6 Bxf6 20.Nd5 Bxd5 21.Rxd5 c4 22.a4 Rad8 23.Rad1 Rxd5
24.Rxd5 Rd8 25.axb5 Rxd5 26.exd5 axb5  1/2-1/2

[Event "8th Gibtelecom Masters"]
[Site "Caleta ENG"]
[Date "2010.01.29"]
[Round "4"]
[White "Ivanov,StojanE"]
[Black "Mikalsen,E"]
[Result "1-0"]
[WhiteElo "2198"]
[BlackElo "1973"]

1.d4 d5 2.Nf3 Nf6 3.c4 c6 4.e3 e6 5.Nc3 Nbd7 6.Qc2 Bd6 7.Bd3 dxc4 8.Bxc4 b5
9.Bd3 Bb7 10.O-O O-O 11.e4 e5 12.dxe5 Nxe5 13.Nxe5 Bxe5 14.h3 Nd7 15.Be3 g6
16.f4 Bg7 17.e5 a6 18.Ne4 Qc7 19.Rac1 Nb6 20.Bc5 Rfd8 21.Bd6 Qc8 22.Nc5 Nd5
23.Nxb7 Qxb7 24.Qxc6 Qxc6 25.Rxc6 Bf8 26.Be4 Ne3 27.Rfc1 Bxd6 28.exd6 Ra7
29.Rc7 Rd7 30.Rxa7 Rxa7 31.Rc7  1-0

[Event "8th Gibtelecom Masters"]
[Site "Caleta ENG"]
[Date "2010.01.29"]
[Round "4"]
[White "Zaremba,An"]
[Black "Kvisla,J"]
[Result "1/2-1/2"]
[WhiteElo "2360"]
[BlackElo "2161"]

1.d4 d5 2.Nf3 Nf6 3.c4 e6 4.Nc3 c6 5.e3 Nbd7 6.Qc2 Bd6 7.Bd3 O-O 8.cxd5 exd5
9.g4 g6 10.g5 Nh5 11.Bd2 Nb6 12.Rg1 Be6 13.Ne5 Bxe5 14.dxe5 Nc4 15.Bxc4 dxc4
16.Ne4 Qd5 17.Nd6 Qxe5 18.Nxc4 Qxh2 19.O-O-O Qxf2 20.Nd6 Rad8 21.Rdf1 Qe2
22.Nxb7 Rb8 23.Nc5 Qc4 24.b3 Qxc2+ 25.Kxc2 Ng7 26.e4 Bc8 27.Bc3 Nh5 28.a4 Re8
29.Rd1 Nf4 30.Bf6 Nh5 31.Bc3 Nf4 32.Rh1 Bg4 33.Rd6 Rbd8 34.Rxc6 Bf3 35.Rh4 Bxe4+
36.Nxe4 Rxe4 37.Bf6 Re2+ 38.Kc3 Nd5+ 39.Kd3 Nf4+ 40.Kc3 Nd5+ 41.Kd3 Nf4+
42.Kc3 Nd5+ 43.Kd3 Nf4+  1/2-1/2

[Event "70th ch-ARM"]
[Site "Yerevan ARM"]
[Date "2010.01.29"]
[Round "8"]
[White "Melkumyan,H"]
[Black "Hovhannisyan,R"]
[Result "0-1"]
[WhiteElo "2583"]
[BlackElo "2473"]

1.d4 d5 2.c4 c6 3.Nc3 Nf6 4.e3 e6 5.Nf3 Nbd7 6.Qc2 Bd6 7.Bd3 O-O 8.O-O dxc4
9.Bxc4 b5 10.Bd3 Bb7 11.a3 Qe7 12.Ng5 h6 13.Nge4 Nxe4 14.Nxe4 c5 15.Nxd6 Qxd6
16.Rd1 Qc6 17.f3 cxd4 18.Qxc6 Bxc6 19.exd4 Nb6 20.Bd2 Nc4 21.Bc3 Rfc8 22.Rdc1 a5
23.a4 Nd6 24.axb5 Bxb5 25.Bc2 a4 26.Bb4 Nc4 27.Be4 Rab8 28.Bd3 Bd7 29.Bc5 Nxb2
30.Ba6 Re8 31.Ba3 Rb6 32.Bf1 Reb8 33.Ra2 Rb3 34.Rc7 Bb5 35.Ra7 Bxf1 36.Kxf1 Nd1
37.Bd6 Rd8 38.Bc5 Nc3 39.Rc2 g5 40.Ke1 Rb1+ 41.Kd2 Nd5 42.Rxa4 Rh1 43.h3 Rg1
44.Kd3 Nf4+ 45.Ke3 Rb8 46.Ra3 Nxg2+ 47.Kf2 Rbb1 48.Bd6 Nh4 49.Rc8+ Kh7 50.Be5 Rg2+
51.Ke3 Nf5+ 52.Kd3 Rd1+  0-1

[Event "Open A"]
[Site "Moscow RUS"]
[Date "2010.01.30"]
[Round "1"]
[White "Volkov,Sergey1"]
[Black "Bukavshin,I"]
[Result "1/2-1/2"]
[WhiteElo "2623"]
[BlackElo "2408"]

1.d4 d5 2.c4 e6 3.Nc3 c6 4.e3 Nf6 5.Nf3 Nbd7 6.Bd3 dxc4 7.Bxc4 b5 8.Be2 Bb7
9.O-O Be7 10.a3 a5 11.b3 O-O 12.Bb2 Rc8 13.Ne5 Qb6 14.Qb1 Rfd8 15.Rc1 Nxe5
16.dxe5 Nd5 17.Ne4 c5 18.h3 Rd7 19.Ra2 b4 20.a4 Ba6 21.Ba1 Bxe2 22.Rxe2 Qa6
23.Rec2 Qd3 24.Ng3 Nb6 25.Nf1 Rcd8 26.Nd2 Qg6 27.Qa2 h6 28.Re1 Rd3 29.Qb2 Qf5  1/2-1/2

[Event "ch-ROU w"]
[Site "Baile Olanesti ROU"]
[Date "2010.01.31"]
[Round "1"]
[White "Cusmuliuc,D"]
[Black "Anusca,M"]
[Result "1/2-1/2"]
[WhiteElo "1640"]
[BlackElo "2024"]

1.d4 d5 2.c4 e6 3.Nc3 c6 4.e3 Nf6 5.Nf3 Nbd7 6.cxd5 exd5 7.Qc2 Bd6 8.Bd3 O-O
9.O-O Re8 10.Bd2 Nf8 11.e4 dxe4 12.Nxe4 Nxe4 13.Bxe4 h6 14.Rfe1 Bg4 15.Ne5 Bh5
16.Bc3 Qc7 17.h3 f6 18.Nf3 Bf7 19.b3 Ne6 20.Bg6 Bxg6 21.Qxg6 Qf7 22.Qf5 Nf4
23.Bd2 Qg6 24.Qxg6 Nxg6 25.g3 Ne7 26.Nh4 g5 27.Nf3 Nd5 28.a3 Kf7 29.b4 a6
30.Kg2 Rxe1 31.Rxe1 Re8 32.Rxe8 Kxe8 33.Ne1 Nc7 34.a4 Ne6 35.Nc2 h5 36.Kf3 f5
37.Kg2 Kf7 38.f3 f4 39.g4 hxg4 40.hxg4 Nc7 41.Kf2 Nd5 42.Ke2 Nb6 43.a5 Nc4
44.Be1 Ke6 45.Bc3 Kd5 46.Kd3 Be7 47.Ke2 Nd6 48.Na3 Nb5 49.Nxb5 Kc4 50.Nc7 Kxc3
51.d5 Kc4 52.dxc6 bxc6 53.Nxa6 Bd6 54.Nc5 Bxc5 55.bxc5 Kxc5 56.Kd3 Kb5 57.Kd4 Kxa5
58.Kc5 Ka4 59.Kxc6 Kb4 60.Kd5 Kc3 61.Ke5 Kd3 62.Kf5 Ke3 63.Kxg5 Kxf3 64.Kh5 Ke4
65.g5 f3 66.g6 f2 67.g7 f1=Q 68.g8=Q Qh3+ 69.Kg6 Qg4+ 70.Kh7 Qh5+ 71.Kg7 Qe5+
72.Kf8 Qd6+ 73.Kg7 Qg3+ 74.Kh8 Qxg8+  1/2-1/2

[Event "8th Gibtelecom Masters"]
[Site "Caleta ENG"]
[Date "2010.01.31"]
[Round "6"]
[White "Zaremba,An"]
[Black "Haarr,J"]
[Result "1-0"]
[WhiteElo "2360"]
[BlackElo "2157"]

1.d4 d5 2.Nf3 Nf6 3.c4 c6 4.Nc3 e6 5.e3 Nbd7 6.Bd3 dxc4 7.Bxc4 b5 8.Bd3 Bb7
9.e4 a6 10.e5 Nd5 11.Nxd5 cxd5 12.Ng5 Bb4+ 13.Kf1 Be7 14.h4 Nf8 15.Qf3 Bxg5
16.Bxg5 Qb6 17.Rd1 h6 18.Be3 Nd7 19.h5 O-O 20.Bxh6 gxh6 21.Qg4+ Kh8 22.Qf4 Kg7
23.Rh3 f6 24.Rg3+ Kf7 25.exf6 Nxf6 26.Qxh6 Ke8 27.Rg7 Nd7 28.Qg5 Nf6 29.Bg6+ Kd8
30.Bf7 e5  1-0

[Event "Georgi Tringov Mem"]
[Site "Plovdiv BUL"]
[Date "2010.01.31"]
[Round "1"]
[White "Chatalbashev,B"]
[Black "Chervenkov,D"]
[Result "1-0"]
[WhiteElo "2561"]
[BlackElo "1838"]

1.d4 d5 2.c4 c6 3.Nf3 Nf6 4.Nc3 e6 5.e3 Be7 6.Bd3 h6 7.O-O O-O 8.e4 dxe4
9.Nxe4 Nxe4 10.Bxe4 Bf6 11.Bc2 Nd7 12.Qd3 Re8 13.Qh7+ Kf8 14.b3 c5 15.Bf4 e5
16.dxe5 Nxe5 17.Nxe5 Rxe5 18.Bxe5 Bxe5 19.Rae1 Qd6 20.Qh8+ Ke7 21.Qxg7 Qf6
22.Rxe5+ Be6 23.Qxf6+ Kxf6 24.Rxc5 Rg8 25.Rc7 Rb8 26.f4 a6 27.f5 Bc8 28.Rd1 Bxf5
29.Rf1  1-0

[Event "ch-ROU m"]
[Site "Baile Olanesti ROU"]
[Date "2010.02.01"]
[Round "2"]
[White "Foisor,O"]
[Black "Malureanu,C"]
[Result "1/2-1/2"]
[WhiteElo "2420"]
[BlackElo "2096"]

1.c4 e6 2.Nc3 d5 3.d4 c6 4.e3 Nf6 5.Nf3 Nbd7 6.Qc2 Bd6 7.Be2 dxc4 8.Bxc4 b5
9.Be2 Bb7 10.O-O O-O 11.Rd1 a6 12.e4 Be7 13.e5 Nd5 14.Ne4 h6 15.Bd2 c5 16.Nxc5 Bxc5
17.dxc5 Qc7 18.b4 Nxe5 19.a4 Nxf3+ 20.Bxf3 Bc6 21.axb5 axb5 22.Qb2 Rfd8 23.h3 Ne7
24.Be2 Nf5 25.Rxa8 Rxa8 26.Ra1  1/2-1/2

[Event "8th Gibtelecom Masters"]
[Site "Caleta ENG"]
[Date "2010.02.01"]
[Round "7"]
[White "Camus de Solliers,G"]
[Black "Gandrud,V"]
[Result "1/2-1/2"]
[WhiteElo "2356"]
[BlackElo "2158"]

1.d4 d5 2.c4 c6 3.Nc3 e6 4.e3 Nf6 5.Nf3 Nbd7 6.Bd3 dxc4 7.Bxc4 b5 8.Bd3 a6
9.e4 c5 10.e5 cxd4 11.Nxb5 axb5 12.exf6 gxf6 13.O-O Qb6 14.Qe2 Bb7 15.Rd1 Bd6
16.Be4 Rg8 17.Rxd4 Bc5 18.Bxb7 Qxb7 19.Re4 Qd5 20.g3 h5 21.Bf4 f5 22.Re5 Nxe5
23.Nxe5 Qb7 24.Qxh5 Bd4 25.Re1 Bxe5 26.Bxe5 Qd5 27.Bf6 Qxa2 28.Qxf5 Qc4 29.Qh7 Rf8
30.Bg7 Qb4 31.Rd1 Qb3 32.Rc1 Rd8 33.Bxf8 Rd1+ 34.Rxd1 Qxd1+ 35.Kg2 Qd5+ 36.Kg1 Qd1+
37.Kg2 Qd5+ 38.f3 Qd2+ 39.Kh3 Kxf8 40.Qh8+ Ke7 41.Qh4+ Kf8 42.b4 Qd3 43.Qe4 Qf1+
44.Kh4 f5 45.Qa8+ Kf7 46.Kg5 Qc1+ 47.Kh5 Qg1 48.Kg5 Qc1+ 49.Kh5 Qg1 50.Kg5  1/2-1/2

[Event "Open A"]
[Site "Moscow RUS"]
[Date "2010.02.01"]
[Round "3"]
[White "Kunin,V"]
[Black "Le Quang Liem"]
[Result "1/2-1/2"]
[WhiteElo "2563"]
[BlackElo "2647"]

1.d4 Nf6 2.c4 e6 3.Nf3 d5 4.Nc3 c6 5.e3 Nbd7 6.Qc2 Bd6 7.b3 O-O 8.Be2 b6
9.O-O Bb7 10.Bb2 Qe7 11.Rad1 h6 12.e4 dxe4 13.Nxe4 Nxe4 14.Qxe4 Rad8 15.Bd3 f5
16.Qe2 c5 17.Bc2 Rfe8 18.dxc5 Nxc5 19.h3 Ne4 20.Bxe4 Bxe4 21.Ne5 Qc7 22.Ng4 Bc5
23.Ne5 Bd6 24.Ng4 Bb7 25.Ne5  1/2-1/2

[Event "Georgi Tringov Mem"]
[Site "Plovdiv BUL"]
[Date "2010.02.01"]
[Round "3"]
[White "Todorov,O"]
[Black "Blagojevic,Dr"]
[Result "1/2-1/2"]
[WhiteElo "2309"]
[BlackElo "2528"]

1.d4 Nf6 2.c4 e6 3.Nf3 d5 4.Nc3 c6 5.e3 Nbd7 6.Qc2 Bd6 7.Bd3 O-O 8.O-O dxc4
9.Bxc4 b5 10.Be2 Bb7 11.Rd1 Qc7 12.Ne4 Nxe4 13.Qxe4 a6 14.Bd3 Nf6  1/2-1/2

[Event "8th Gibtelecom Masters"]
[Site "Caleta ENG"]
[Date "2010.02.03"]
[Round "9"]
[White "Camus de Solliers,G"]
[Black "Kvisla,J"]
[Result "1/2-1/2"]
[WhiteElo "2356"]
[BlackElo "2161"]

1.d4 d5 2.c4 c6 3.Nc3 Nf6 4.e3 e6 5.Nf3 Nbd7 6.Bd3 dxc4 7.Bxc4 b5 8.Bd3 Bd6
9.O-O O-O 10.Qc2 Bb7 11.a3 a6 12.e4 e5 13.Rd1 Qc7 14.h3 h6 15.a4 b4 16.dxe5 Nxe5
17.Nxe5 Bxe5 18.Ne2 Bd6 19.f4 Be7 20.e5 Nd7 21.Ng3 Nc5 22.Bc4 Bc8 23.Be3 Be6
24.Bxe6 Nxe6 25.Nf5 c5 26.Qe4 Rfe8 27.Rac1 Rac8 28.b3 Bf8 29.Nd6 Bxd6 30.Rxd6 a5
31.f5 Ng5 32.Qd5 Qe7 33.Bf4 Rc7 34.Rc4 Kh8 35.f6 Qf8 36.Bxg5 hxg5 37.Rxc5 Rxc5
38.Qxc5 gxf6 39.exf6 Re1+ 40.Kf2 Re6 41.Rc6 Rxf6+ 42.Kg3 Qxc5 43.Rxc5 Rd6
44.Rf5 f6 45.Rxa5 Kg7 46.Rf5 Kg6 47.Rf3 Rd2 48.h4 gxh4+ 49.Kxh4 Rd4+ 50.Kg3 Kg5
51.Kf2 Rd2+ 52.Ke3 Rxg2 53.Kd4 Rc2 54.Rf1 f5 55.Ra1 f4 56.a5 f3 57.a6 f2
58.a7 Rc8 59.Ke3 Rf8 60.Ke2 Kg4 61.Kf1 Ra8 62.Kxf2 Kf4 63.Ra4 Ke5 64.Ke3 Kd5
65.Ra5+ Kc6 66.Kd4 Kb6 67.Ra4 Rxa7 68.Rxb4+ Kc6 69.Rb8 Rh7 70.Rg8 Rh4+ 71.Kc3 Kb7
72.Rg6 Rf4 73.b4 Rh4 74.Kb3 Rf4 75.Ka4 Rf5 76.Rg4 Rf6 77.Ka5 Rh6 78.Rg7+ Kb8
79.Rf7 Rg6 80.b5 Rh6 81.Rf8+ Kb7 82.Rg8 Rf6 83.Rg5 Rh6 84.Rg7+ Kb8 85.Kb4 Rf6
86.Rg5 Kb7 87.Kc5 Rh6 88.Rg7+ Kb8 89.Rd7 Rg6 90.Rd6 Rxd6 91.Kxd6  1/2-1/2

[Event "2nd Chennai Open"]
[Site "Chennai IND"]
[Date "2010.02.03"]
[Round "11"]
[White "Turov,M"]
[Black "Rahman,Zia"]
[Result "1/2-1/2"]
[WhiteElo "2584"]
[BlackElo "2548"]

1.d4 d5 2.c4 e6 3.Nc3 c6 4.e3 Nf6 5.Nf3 Nbd7 6.Qc2 Bd6 7.e4 Nxe4 8.Nxe4 dxe4
9.Qxe4 c5 10.Bg5 Qb6 11.O-O-O h6 12.Bh4 cxd4 13.Qxd4 Qxd4 14.Nxd4 Bf4+ 15.Kb1 a6
16.Be2 O-O 17.Nb3  1/2-1/2

[Event "2nd Chennai Open"]
[Site "Chennai IND"]
[Date "2010.02.03"]
[Round "11"]
[White "Zubarev,Al1"]
[Black "Anwesh,U"]
[Result "1/2-1/2"]
[WhiteElo "2544"]
[BlackElo "2400"]

1.c4 e6 2.d4 d5 3.Nc3 Nf6 4.Nf3 c6 5.e3 Nbd7 6.Qc2 Bd6 7.Bd3 O-O 8.O-O e5
9.cxd5 cxd5 10.Nb5 Bb8 11.dxe5 Nxe5 12.Nxe5 Bxe5 13.f4 Bb8 14.Bd2 Re8 15.Rac1 Bd7
16.Nd4 a6 17.Qb3 b5 18.h3 Ba7 19.Kh2 Ne4 20.Bb4 Bxd4 21.exd4 Bf5 22.Rc6 h5
23.Qd1 g6 24.Qf3 Qd7 25.Rfc1 Rac8 26.Rxc8 Rxc8 27.Rxc8+ Qxc8 28.Bxe4 Bxe4  1/2-1/2

[Event "Open A"]
[Site "Moscow RUS"]
[Date "2010.02.04"]
[Round "6"]
[White "Belozerov,A"]
[Black "Sjugirov,S"]
[Result "1/2-1/2"]
[WhiteElo "2488"]
[BlackElo "2610"]

1.d4 d5 2.c4 e6 3.Nf3 Nf6 4.Nc3 c6 5.e3 Nbd7 6.Qc2 Bd6 7.Bd3 dxc4 8.Bxc4 a6
9.O-O O-O 10.Rd1 b5 11.Bd3 Bb7 12.Ng5 h6 13.Nge4 Be7 14.Nxf6+ Nxf6 15.Ne4 Nxe4
16.Bxe4 Qb6 17.Bd2 a5 18.a3 b4 19.axb4 axb4 20.Qc4 Rfc8 21.Be1 Ba6 22.Qb3 Bb5
23.Rxa8 Rxa8 24.Rc1 Rc8 25.Bb1 Ba6 26.Bd3 Bb7 27.Be4 Ba6 28.Qa4 Bb5 29.Qc2 Ba6
30.Bh7+ Kh8 31.Bd3 Bb7 32.Be4 Ba6 33.Qa4 Bb5 34.Qd1 Kg8 35.h3 Qa6 36.b3 Rd8
37.Qc2 Qb6 38.Bd2 Bf8 39.Bf3 Rc8 40.h4 Ba6 41.Qe4 c5 42.dxc5 Rxc5 43.Rxc5 Qxc5
44.h5 Qd6 45.Qc2 Bd3 46.Qd1 Qa6 47.Be1 e5 48.Bd5 Be2 49.Qc2 Bxh5 50.f3 Qa1
51.Kf2 Qa6 52.Qf5 Bg6 53.Qxe5 Qa2+ 54.Kg1 Qb1 55.Qg3 Bc2 56.Kh2 Qd1 57.e4 Bxb3
58.Bxb4 Bxb4 59.Qb8+ Kh7 60.Qxb4 Bxd5 61.exd5 Qxd5 62.Qb1+ g6 63.Qb2 Qd6+
64.Kh1 h5 65.Qe2 Qf4 66.Qe7 Kg7 67.Qd8 g5 68.Qc8 Qe5 69.Qc4 Qe1+ 70.Kh2 Qe3
71.Kh1 Qe6 72.Qd4+ Qf6 73.Qe4 Qd6 74.Qa4 h4 75.Qa1+ Qf6 76.Qa5 Kh6 77.Qd5 Qe6
78.Qd4 Kh7 79.Qc3 Qd6 80.Qc2+ Kg7 81.Qf5 Qg3 82.Kg1 Qe1+ 83.Kh2 Qe3 84.Kh1 Qe7
85.Qd5 Qf6 86.Qa5 Kg6 87.Qd5 Qf5 88.Qd6+ Qe6 89.Qd3+ Kf6 90.Qc3+ Qe5 91.Qc8 Kg7
92.Qc6 Qe1+ 93.Kh2 Qg3+ 94.Kh1 Qe5 95.Kg1 Qd4+ 96.Kh1 Qa1+ 97.Kh2 Qe5+ 98.Kh1 Qd4
99.Kh2 Qf4+ 100.Kh1 Qf5 101.Qa8 h3 102.gxh3 Qxh3+ 103.Kg1 Qg3+ 104.Kf1 Qe5
105.Kg2 Qe2+ 106.Kg3 Qf1 107.Qa7 Qe1+ 108.Kg2 Qc3 109.Qb6 Qd2+ 110.Kg3 Qf4+
111.Kg2 g4 112.Qb2+ Kg6 113.Qb6+ Kh5 114.Qc5+ Qg5 115.fxg4+ Kxg4 116.Qd4+ Kf5+
117.Kf3 Qh5+ 118.Kg3 Qg6+ 119.Kf3 Qc6+ 120.Kg3 Qc7+ 121.Kf3 Qb7+ 122.Ke3 Qb3+
123.Kf2 Qc2+ 124.Kf3 Qc6+ 125.Kg3 Qe4 126.Qd7+ Qe6 127.Qd3+ Kf6 128.Qf3+ Kg5
129.Qf4+ Kg6 130.Qg4+ Kf6 131.Qh4+ Kg7 132.Qg5+ Kh7 133.Qh5+ Kg7 134.Qg5+ Qg6
135.Kf4 Qxg5+  1/2-1/2

[Event "15th HIT Open A"]
[Site "Nova Gorica SLO"]
[Date "2010.02.04"]
[Round "7"]
[White "Debevec,B"]
[Black "Buzeti,J"]
[Result "0-1"]
[WhiteElo "2029"]
[BlackElo "2236"]

1.d4 d5 2.c4 c6 3.Nc3 Nf6 4.e3 e6 5.Nf3 Nbd7 6.Qc2 Bd6 7.g4 h6 8.Bd2 dxc4
9.Bxc4 b5 10.Be2 Bb7 11.e4 b4 12.Na4 Be7 13.Rg1 Rc8 14.g5 hxg5 15.Nxg5 c5
16.Bb5 cxd4 17.Qd3 Kf8 18.Bxd7 Qxd7 19.e5 Qxa4 20.exf6 Bxf6 21.Nh7+ Rxh7
22.Qxh7 Qb5 23.a3 a5 24.axb4 Bf3  0-1